Rocznik statystyczny 1983 rok 43
Enregistré dans:
| Format: | Livre |
|---|---|
| Langue: | polonais |
| Publié: |
Warszawa
Glówny urzad statystyczny
1983
|
| Tags: |
Pas de tags, Soyez le premier à ajouter un tag!
|
MARC
| LEADER | 00000nam a2200000 4500 | ||
|---|---|---|---|
| 001 | c115598 | ||
| 005 | 20041019155201.9 | ||
| 041 | 0 | |a pol | |
| 044 | |a PL | ||
| 245 | 1 | 0 | |a Rocznik statystyczny 1983 |b rok 43 |
| 264 | 1 | |a Warszawa |b Glówny urzad statystyczny |c 1983 | |
| 300 | |a 574 s. | ||